000 00721nam a2200181 a 4500
008 191127s2012 ||||||||||||||||| || u
020 _a9781437717563
050 _aRD 561 Ber
100 _aBerend, Keith R
245 1 0 _aPartial Knee arthroplasty : techniques for optimal outcomes
_cBy Keith R. Berend ; Fred D. Cushner
260 _aPhiladelphia
_bElsevier Saunders
_c2012
300 _axv, 269 pages : illustrations
350 _a200.44
650 _aARTHROPLASTY
650 _aTOTAL KNEE REPLACEMENT
700 _aCushner, Fred D
995 _aMEDICAL LIBRARY OPEN ACCESS
_e904523
_FCBU-SCHOOL OF MEDICINE LIBRARY (Ndola)
_I200.44
_jRD 561 Ber
_M1
_UAVAILABLE
_WDec 6, 2019
_y904523
_ZMedical Library Open Access Collection
999 _c32306
_d32306